MANAGEMENT (Record no. 209611)

MARC details
000 -LEADER
fixed length control field 00499nam a22001817a 4500
008 - FIXED-LENGTH DATA ELEMENTS--GENERAL INFORMATION
fixed length control field 240326b |||||||| |||| 00| 0 eng d
020 ## - INTERNATIONAL STANDARD BOOK NUMBER
International Standard Book Number 0-205-13854-3
050 ## - LIBRARY OF CONGRESS CALL NUMBER
Classification number HD 31 .M66 1993
100 ## - MAIN ENTRY--PERSONAL NAME
Personal name MONDY,WAYNE R.
245 ## - TITLE STATEMENT
Title MANAGEMENT
Remainder of title CONCEPTS,PRACTICES,AND SKILLS
250 ## - EDITION STATEMENT
Edition statement 6TH.ED.
260 ## - PUBLICATION, DISTRIBUTION, ETC.
Place of publication, distribution, etc. BOSTON
Name of publisher, distributor, etc. ALLYN AND BACON
300 ## - PHYSICAL DESCRIPTION
Extent XXI,673P.
500 ## - GENERAL NOTE
General note INCLUDES BIBLIOGRAPHICAL REFERENCES AND INDEX
650 ## - SUBJECT ADDED ENTRY
Topical term or geographic name entry element Management.
700 ## - ADDED ENTRY--PERSONAL NAME
Personal name PREMEAUX,SHANE R.
942 ## - ADDED ENTRY ELEMENTS (KOHA)
Source of classification or shelving scheme Library of Congress Classification
Koha item type Long Loan Book
Holdings
Withdrawn status Lost status Source of classification or shelving scheme Damaged status Not for loan Collection Home library Current library Shelving location Date acquired Inventory number Total checkouts Full call number Barcode Date last seen Copy number Price effective from Koha item type
    Library of Congress Classification     Arts & Social Sciences Kisii University Library Kisii University Library On Display 03/26/2024 37128   HD 31 .M66 1993 000000005392 03/26/2024 C.1 03/26/2024 Long Loan Book